[Event "Recklinghausen"]
[Site "Recklinghausen"]
[Date "1998.07.26"]
[Round "2"]
[White "Stefanova, Antoaneta"]
[Black "Kachiani Gersinska, Ketino"]
[Result "1-0"]
[WhiteElo "2480"]
[BlackElo "2435"]
[Annotator "Avrukh,B"]
[PlyCount "71"]
[EventDate "1998.07.25"]
[EventType "tourn"]
[EventRounds "9"]
[EventCountry "GER"]
[EventCategory "12"]
[SourceTitle "CBM 067"]
[Source "ChessBase"]
[SourceDate "1998.11.30"]
[SourceVersion "2"]
[SourceVersionDate "1998.11.01"]
[SourceQuality "1"]

1. d4 Nf6 2. Nf3 g6 3. Nc3 d5 4. Bf4 c6 5. e3 Nbd7 (5... Nh5 6. Be5 (6. Bg5 h6
7. Bh4 Bg7 (7... g5 $143 8. Ne5 $1) 8. Be2 g5 9. Ne5 Bxe5 10. Bxh5 Bg7 11. Bg3
Nd7 12. h4 Nf6 13. Be5 Be6 14. Be2 Rg8 15. hxg5 hxg5 $14 {1/2-1/2 Balashov,
Y-Lanka,Z/Schwaebisch Gmuend 1994/EXT 94op (48)}) 6... f6 7. Bxb8 Rxb8 8. h3 {
[%cal Gg2g4]} (8. Be2 Qb6 9. a3 Qc7 10. O-O Bh6 11. Na4 Ng7 12. Rc1 Nf5 13. Kh1
e5 14. Qd2 e4 15. Ng1 {1/2-1/2 Bezold,M-Paehtz,T/GER-ch 1993/TD 93\10 (15)})
8... f5 $6 {[%csl Re5]} (8... Bh6 9. g4 Ng7 $13) 9. Ne5 Bg7 10. g4 Nf6 11. f4
Qa5 12. Bg2 Ne4 13. Bxe4 dxe4 14. Qd2 Bxe5 15. fxe5 fxg4 16. hxg4 Bxg4 17. Qg2
Bf5 (17... Bf3 $140 18. Qxg6+ $1) 18. O-O-O $36 {0-1 Gustavsson,C-Kopp,P/
Doernigheim 1994/GER 08 (48)}) 6. Be2 (6. h4 Bg7 7. Be2 a5 8. Ne5 a4 9. h5 Ne4
10. Nxe4 dxe4 11. Nc4 Nb6 12. Nd2 f5 13. a3 Be6 14. g4 $36 {1-0 Pribyl,
J-Habinak,T/Prague 1986/EXT 86op2 (37)}) 6... Nh5 (6... Bg7 7. Ne5 Qb6 8. a3
O-O 9. b4 Re8 10. O-O a6 11. Rb1 Qd8 12. a4 Nf8 13. a5 $14) 7. Bg5 h6 (7... Qb6
8. Na4 Qa5+ 9. c3) 8. Bh4 Qb6 9. Na4 Qa5+ 10. c3 {[%cal Gb2b4]} Bg7 11. b4 Qd8
12. Nc5 $6 (12. O-O $142 $14) 12... Nxc5 $1 (12... g5 $5 13. Nxd7 (13. Nd2 Nxc5
14. bxc5 Nf6 15. Bg3 b6 $11) 13... Bxd7 (13... gxh4 $2 14. Nxh4 $16) 14. Ne5
Nf6 $5 15. Bg3 Ne4 16. Bh5 Be6 17. Qf3 Rf8 $13 (17... O-O 18. h4 $40)) 13. bxc5
Qa5 14. Qb3 g5 $6 (14... b6 $1 {[%cal Rc8a6]} 15. cxb6 axb6 16. O-O (16. Ne5
Bxe5 17. dxe5 Ba6 $17 {[%cal Gh5g7,Gg7e6,Ge6c5]}) 16... g5 17. Nd2 Ba6 $1 $15)
15. Nd2 $1 gxh4 (15... Nf6 16. Bg3 b6 17. Qb4 $1 $14) 16. Bxh5 b6 (16... h3 $5)
17. cxb6 axb6 18. O-O O-O (18... Bf5 $5 19. e4 Be6 20. Nf3 h3 $13) 19. Qc2 {
[%cal Gb1h7]} (19. h3 Bf5 20. Nf3 Bf6 $11 {[%csl Gf5,Gf6]}) 19... c5 (19... h3
$5 20. g3 c5 $13) 20. h3 Bd7 21. Nf3 Rac8 22. Rfc1 Rc7 $2 (22... cxd4 $1 23.
exd4 Rc7 24. Ne5 Be6 {[%csl Rc3][%cal Rf8c8]} 25. Qd2 Rfc8 26. Qf4 Bxe5 27.
dxe5 Rxc3 28. Rd1 (28. Qxh6 Rxc1+ 29. Rxc1 Rxc1+ 30. Qxc1 Qxa2 31. Qg5+ Kf8 32.
Qh6+ Kg8 (32... Ke8 $2 33. Qxe6) 33. Qg5+ $11) 28... Kg7 29. Qxh4 Qc5 $14) 23.
Qd3 $1 $16 {[%csl Rh4]} Bf6 24. Ne5 Bxe5 (24... Be6 25. Bd1 $5 {[%cal Gd1c2]} (
25. f4) 25... c4 26. Qe2 $16 {[%cal Ge2h5]}) 25. dxe5 e6 (25... Be6 26. f4 $16)
26. e4 $1 {[%csl Rf6,Rg7,Rg8,Rh6]} Qb5 27. Qe3 $40 Kg7 28. Qf4 dxe4 29. Qf6+
Kg8 30. Qxh6 $18 c4 31. Qg5+ Kh7 32. Be2 Rc5 33. a4 Qa5 (33... Qc6 34. Qxh4+
Kg8 35. Qg5+ Kh7 36. Re1 $18) 34. Qxh4+ Kg8 35. Qg5+ Kh8 36. Qe7 1-0

[Event "Ulaanbaatar FIDE GP (Women)"]
[Site "Ulaanbaatar"]
[Date "2010.08.04"]
[Round "5"]
[White "Stefanova, Antoaneta"]
[Black "Kosintseva, Tatiana"]
[Result "1-0"]
[WhiteElo "2560"]
[BlackElo "2562"]
[Annotator "Bojkov,D"]
[PlyCount "69"]
[EventDate "2010.07.30"]
[EventType "tourn"]
[EventRounds "11"]
[EventCountry "MGL"]
[EventCategory "11"]
[SourceTitle "CBM 138"]
[Source "ChessBase"]
[SourceDate "2010.09.17"]
[SourceVersion "1"]
[SourceVersionDate "2010.09.17"]
[SourceQuality "1"]
[WhiteClock "0:00:01"]
[BlackClock "0:00:01"]

1. d4 Nf6 2. Bg5 {A time for a change. In their previous encounter just a
month ago in Jermuk the players tested the main lines of the Ragozin. However,
Tatiana is definitely well prepared against the Trompovsky, too.} d5 3. e3 g6
4. Bxf6 exf6 5. Ne2 Bd6 6. g3 c6 7. Bg2 f5 $1 {A good idea. Black was less
precise in the following game:} (7... Nd7 8. b3 f5 9. c4 Nf6 10. Nbc3 Be6 11.
c5 {and White achieved harmony in his development and the initiative on the
queen's flank.} Bc7 12. b4 a6 13. a4 O-O 14. O-O g5 15. b5 Qd7 16. Qd3 Kg7 17.
f4 $1 {Laznicka,V (2617)-Mamedov,N (2614)/Benasque ESP 2009/The Week in Chess
766 (42) with pleasant advantage for White who won later.}) 8. b3 Be6 {Now
Black forces her opponent to lose some time before advancing the c pawn.} 9.
Qd3 Nd7 10. Nd2 Nf6 11. c4 Ne4 12. c5 Bc7 13. b4 h5 {Both players wait with
the kingside castling.} 14. Nf3 Qf6 15. h4 Qg7 {The trick:} (15... a5 16. b5 (
16. O-O axb4 17. Rfb1 Ba5 18. a3 {is also good for White.}) 16... Nxc5 {
does not really work as the c6 pawn is hanging:} 17. Qc2 Ne4 18. bxc6 b6 19.
O-O O-O 20. Rab1 $16) 16. O-O {Now when h5-h4 is stopped White can finally
castle. She has though to hurry with her play on the queen's flank.} f6 17. b5
g5 {Kosintseva straightforwardly follows her plan. However, a little
prophylaxis might be better here:} (17... Bc8 18. Rab1 O-O 19. Rb2 (19. Nf4 {
does not prevent g6-g5, as the knight might be trapped after:} g5 20. Nxh5 $2
Qf7 $17 {[%csl Rh5]}) 19... g5 {with sharp play where both sides have their
share of chances.}) 18. bxc6 bxc6 19. Qa6 Bd7 20. Rab1 O-O 21. Rb7 $1 {[%csl
Rc6,Rd5] A nice positional sacrifice. Ety will gain control over the light
squares thanks to the exchange she has invested.} Bc8 22. Rfb1 {Worse is:} (22.
hxg5 Rb8 23. Rfb1 Qd7 24. gxf6 Bd8 $1 {[%csl Ra6,Rb1][%cal Rc8a6,Rb8b1]
However, objectively, the best move seemed to be:}) (22. Qxc6 Bxb7 23. Qxb7
Rfd8 24. hxg5 fxg5 25. Qc6 {with full compensation for the exchange.}) 22...
Bxb7 {There is nothing wrong with this move, but White's task would have been
much more complicated after:} (22... Qd7 $1 {[%csl Rb1,Rb7][%cal Ra8b8] with
the idea to exchange both the white rooks. Play may continue:} 23. hxg5 (23.
Rxc7 $6 Qxc7 24. Qa3 Rb8 $17) 23... Rb8 {and now the highly entertaining
sacrifice:} 24. gxf6 $1 {In the line:} (24. Qxa7 $6 Bxb7 25. Rxb7 Rxb7 26. Qxb7
Rb8 27. Qa7 (27. Qa6 fxg5) 27... Rb1+ 28. Bf1 Nxg5 29. Nh4 {White seems in
control, but there is a tactical stroke:} Nh3+ 30. Kg2 Nxf2 $1 {[%csl Ra7,Rg2]
[%cal Rc7g3,Rg2f2,Rd7a7]}) 24... Bd8 25. Rxb8 Bxa6 26. Ne5 Qc7 27. Nf4 $1 {
Better than:} (27. f7+ Rxf7 (27... Kg7 28. Nf4 Ng5 29. Nxh5+ Kh6 30. Nf4 $13 {
[%csl Ge5,Gf4]}) 28. Nxf7 Kxf7 29. Nf4 Bb5 $1 $17 {[%csl Rb1,Rb8]}) 27... Bc8 (
27... Rxf6 28. Ra8 Kh7 {Here:} (28... Bb5 $2 {loses to:} 29. Rxb5 cxb5 30. Bxe4
dxe4 31. Nd5 $18 {[%csl Ga8,Rc7,Gd5,Rd8,Ge5,Rf6,Rg8]}) 29. Rbb8 Bb7 30. Rxd8
Bxa8 31. Rd7+ Qxd7 32. Nxd7 Rf7 33. Ne5 $16 {[%csl Ra8,Ge5,Gf4]}) 28. f7+ Rxf7
29. Nxf7 Kxf7 30. Ra8 {[%csl Ga8,Gb1,Rc8,Rd8,Gf4,Yf5,Yf7,Yh5][%cal Gb1b8] and
it is difficult to judge who is better, but obviously White should have at
least enough for her sacrificed piece.}) 23. Rxb7 Qd7 24. hxg5 $1 {[%csl Ge5,
Gf4,Gg5,Gh4] Ety looks for juicy squares for her knights.} Nxg5 {The only move,
as Black's position crumbles after:} (24... fxg5 25. Ne5 Qg7 26. Qxc6 $18) 25.
Nh4 (25. Nxg5 {is enough only for a draw, as after:} fxg5 26. Bxd5+ cxd5 27.
Qg6+ Qg7 28. Qxg7+ Kxg7 29. Rxc7+ {Black can harass the active rook-} Rf7 $11 {
[%csl Rc7][%cal Gf7f6,Gf6f7]}) (25. Nf4 $5 {[%csl Gf4] though deserved serious
attention:} Rab8 $8 (25... Rfb8 $2 26. Nxg5 fxg5 27. Nxd5 $1 {[%csl Rg8]} cxd5
28. Qg6+ Kf8 29. Qh6+ Qg7 (29... Ke8 30. c6 Qe7 31. Rxc7 Qxc7 32. Qh8+ Ke7 33.
Qg7+ Kd6 34. Qf6#) 30. Qxg7+ Kxg7 31. Rxc7+ Kf6 32. Bxd5 $18) 26. Nh4 (26. Nxh5
Rxb7 27. Qxb7 Kf7 28. Nh4 {also gives great compensation to White.}) 26... Rxb7
27. Qxb7 Rb8 28. Qxa7 Rb1+ 29. Kh2 (29. Bf1 Qc8 30. Nxh5 Ne4) 29... Ne4 30.
Bxe4 fxe4 31. Kg2 {[%csl Gf4,Yf6,Rg8,Gh4,Yh5][%cal Ga2a4,Ga4a5,Ga5a6] and I
would love to have White here.} (31. Nxh5 $2 Bxg3+)) 25... Rfb8 26. Nf4 {
White is better, although the computer claims that the position is equal (it
already sees the only salvation that Black has though). However, for a human
being defending both the king and all the pawn weaknesses without having any
active plan is a painful task. Moreover, if both the humans are in time
trouble this task becomes impossible for the defender. Tatiana soon erred.}
Rxb7 27. Qxb7 Rb8 28. Qxa7 Ne4 29. Bh3 Rb1+ $2 {The rook had to stay on the
eighth rank in order to protect the king.} (29... Qc8 $1 {with the idea:} 30.
Bxf5 (30. Nxf5 Qb7 31. Ne7+ Kf8 32. Qxb7 Rxb7 33. Nxc6 Bxf4 34. gxf4 Rb1+ 35.
Kg2 Rb2) 30... Ra8 $1 {was Black's only chance. After:} 31. Bxc8 Rxa7 32. Bd7
$5 Bxf4 33. Bxc6 Nxg3 34. Bxd5+ Kh7 35. Ng2 Bc7 36. fxg3 Bxg3 {the position is
approximately balanced.}) 30. Kg2 Rb2 31. Bxf5 Qg7 (31... Rxf2+ 32. Kg1 Qd8 33.
Bxe4 {and wins.}) 32. Nxh5 Rxf2+ 33. Kg1 Qh6 34. Qa8+ Qf8 35. Be6+ 1-0

[Event "Seville op"]
[Site "Seville"]
[Date "1993.??.??"]
[Round "3"]
[White "Anguix Garrido, Juan Francisco"]
[Black "Dolmatov, Sergey"]
[Result "0-1"]
[WhiteElo "2340"]
[BlackElo "2630"]
[Annotator "Bulletin"]
[PlyCount "74"]
[EventDate "1993.01.??"]
[EventType "swiss"]
[EventRounds "10"]
[EventCountry "ESP"]
[SourceTitle "CBM 038"]
[Source "ChessBase"]
[SourceDate "1994.02.01"]
[SourceVersion "1"]
[SourceVersionDate "1994.02.01"]
[SourceQuality "1"]

1. d4 Nf6 2. Nf3 g6 3. Nc3 d5 4. Bf4 Bg7 5. e3 O-O 6. Be2 c5 7. dxc5 (7. O-O
cxd4 8. exd4 Nc6 9. Ne5 Nd7 10. Nxc6 bxc6 11. Na4 a5 $10 {
Kottnauer-Boleslavski, Helsinki 1952}) 7... Qa5 8. Nd2 (8. O-O Qxc5 9. Nd2 Nc6
10. Nb3 Qb6 11. Nxd5 Nxd5 12. Qxd5 Bxb2 13. Rab1 Be6 14. Qd1 Bf6 15. Nd4 Nxd4
16. Rxb6 Nxe2+ 17. Qxe2 axb6 $10 {Harris-Ivkov, Bognor Reggis 1958}) 8... Qxc5
9. Nb3 Qb6 10. Nb5 (10. a4 Nc6 11. a5 Qd8 12. O-O e5 13. Bg5 Be6 14. a6 b6 15.
Bf3 Ne7 $13 {Murshed-Zapata, Tessaloniki olm 1984}) 10... Na6 11. Be5 Bd7 12.
a4 Qe6 13. Bd4 b6 14. O-O Bc6 15. a5 Bxb5 16. Bxb5 Nc7 17. Be2 Rfd8 18. Nd2 b5
19. Nf3 Ne4 20. Bxg7 Kxg7 21. Qd4+ f6 22. Rfd1 Qd6 23. Nd2 Ng5 24. Nb3 e5 25.
Qc5 Nge6 26. Qxd6 Rxd6 27. Rd2 Rad8 28. c3 Kf7 29. Rad1 Ke7 30. f3 R8d7 31. Kf2
a6 32. Bf1 f5 33. g3 Ne8 34. e4 $2 dxe4 35. fxe4 Nf6 36. Bg2 Nc5 37. Rxd6
Ncxe4+ 0-1

[Event "BCF-ch 79th"]
[Site "Plymouth"]
[Date "1992.??.??"]
[Round "6"]
[White "Hodgson, Julian M"]
[Black "Martin, Andrew D"]
[Result "1-0"]
[WhiteElo "2535"]
[BlackElo "2420"]
[Annotator "Bulletin"]
[PlyCount "39"]
[EventDate "1992.08.??"]
[EventType "swiss"]
[EventRounds "11"]
[EventCountry "ENG"]
[SourceTitle "CBM 030 Extra"]
[Source "ChessBase"]
[SourceDate "1992.11.01"]
[SourceVersion "1"]
[SourceVersionDate "1992.11.01"]
[SourceQuality "1"]

1. d4 Nf6 2. Bg5 d5 3. Bxf6 gxf6 {[ A challenging move that Karpov played
against Julian in a blitz game recently, 3..exf6 4.e3 and 5.c4 gives White a
slight edge. ]} 4. c4 c6 5. e3 e6 $6 {[ Karpov played 5..Bf5 first and then ..
Bd6 and this seems like a better scheme of development. ]} 6. Nc3 f5 7. Nf3 Bg7
8. Qc2 Nd7 9. h3 $5 {[ Very aggressive, 9.cxd5 was good for a clear edge since
Black must recapture with the c6 pawn. Now White can play g4 with strong
kingside play ]} dxc4 {[ 9..Qa5 to anticipate 0-0-0 looks better or even 9..a6
]} 10. Bxc4 Qc7 $6 {[ With the idea of ..f4 but this is never practical. The
Qc7 now becomes one of many tactical weaknesses in the black position. ]} 11.
O-O-O b5 $2 {[ Andrew is unrecognisable in this game and this move is almost
the losing one since after the bishop retreat Nxb5 is a threat and one more
tempo lost is enough to make the White initiative too strong. ]} 12. Bb3 Ba6 $2
{[ 12..Qb6 [] ]} 13. g4 $16 f4 14. Ng5 $1 {[ White had now seen the coming
sacrifice ]} Nf8 {[ Forced to prevent 15.Bxe6 ]} 15. Nce4 h6 16. Nxf7 $1 Kxf7
17. d5 {[#]} Be5 (17... Bc8 18. d6 Qd8 19. exf4 {[ With a completely
overwhelming position ]}) (17... exd5 18. Rxd5 $18 Ne6 19. Rf5+) 18. dxe6+ Kg7
19. Qc5 $5 {[ Threatening 20.Rd7+ followed by 21.Qe7+ and 22.Qf7 mate but this
might have allowed Black to resist albeit with a horrible position. 20.Nc5 was
being analysed in the commentary room as completely overwhelming ]} (19. Nc5
Bc8 20. Qf5 Bf6 21. exf4 $18) 19... Bc8 $2 (19... Rh7 20. Rd6 $3 Bxd6 21. Nxd6
{[ /\ Qe5+ ]} Kh8 22. exf4 $1 $18 (22. Qe5+ Qg7 (22... Rg7 23. Nf7+ {[ Wins
the queen ]})) 22... Rd8 (22... Bc8 23. f5 $18 {[#]}) 23. Qe5+ Qg7 24. Nf7+ $18
) 20. Rd7+ 1-0

[Event "URS-ch46 First League"]
[Site "Ashkhabad"]
[Date "1978.??.??"]
[Round "6"]
[White "Alburt, Lev O"]
[Black "Jussupow, Artur"]
[Result "1/2-1/2"]
[WhiteElo "2510"]
[BlackElo "2450"]
[Annotator "Bulletin"]
[PlyCount "84"]
[EventDate "1978.10.??"]
[EventType "tourn"]
[EventRounds "17"]
[EventCountry "URS"]
[EventCategory "10"]
[SourceTitle "MCL"]
[Source "ChessBase"]
[SourceDate "1999.07.01"]
[SourceVersion "1"]
[SourceVersionDate "1999.07.01"]
[SourceQuality "1"]

1. d4 Nf6 2. Nc3 d5 3. Bg5 g6 4. Bxf6 exf6 5. Nf3 Bg7 6. e3 O-O 7. Bd3 f5 8.
O-O c5 9. Qd2 Be6 10. Rfd1 Nc6 11. dxc5 Qa5 12. Nb5 Bxb2 13. Rab1 Bf6 14. Nfd4
Qxd2 15. Rxd2 Rfc8 16. Nd6 Rc7 17. Rxb7 (17. Nxe6 fxe6 18. Rxb7 Rxb7 19. Nxb7
Rb8) 17... Rxb7 18. Nxb7 Rb8 19. Nxc6 Rxb7 20. Nd4 Rc7 21. Nb3 Be7 22. Bb5 $1
Bxc5 23. Nxc5 Rxc5 24. Ba4 Kf8 25. Bb3 Ke7 26. Rd4 a5 27. Kf1 Kd6 28. Ke2 Bd7
29. Kd2 Bb5 30. Rh4 h5 31. Rd4 Ke5 32. g3 Bf1 33. Ra4 Ba6 34. f3 Bb7 35. f4+
Kd6 36. Ra3 Ba6 37. Ra4 Bf1 38. Rd4 Bb5 39. Kc1 Bf1 40. Kb2 Bb5 41. Kc1 Bf1 42.
Kd2 Bb5 1/2-1/2

[Event "POL-ch 52nd"]
[Site "Warsaw"]
[Date "1995.??.??"]
[Round "4"]
[White "Oliwa, Marek"]
[Black "Wojtkiewicz, Aleksander"]
[Result "0-1"]
[WhiteElo "2405"]
[BlackElo "2530"]
[Annotator "Bulletin"]
[PlyCount "80"]
[EventDate "1995.02.11"]
[EventType "tourn"]
[EventRounds "17"]
[EventCountry "POL"]
[EventCategory "8"]
[SourceTitle "EXT 1999"]
[Source "ChessBase"]
[SourceDate "1998.11.16"]
[SourceVersion "1"]
[SourceVersionDate "1998.11.16"]
[SourceQuality "1"]

1. d4 Nf6 2. Nf3 g6 3. Nc3 d5 4. Bf4 Bg7 5. e3 O-O 6. Be2 c5 7. Ne5 $5 (7. dxc5
) 7... cxd4 8. exd4 Qb6 9. Qd2 Qxb2 $1 10. Rb1 Qa3 11. Nb5 Qxa2 12. O-O Ne4 13.
Qe1 Nc6 14. Ra1 Qb2 $1 (14... Qxc2 $2 15. Bd3 Qb3 16. Ra3 $18) 15. Rb1 Qxc2 16.
Bd3 Qa4 17. Ra1 Nxe5 $1 18. Rxa4 Nxd3 19. Qe3 Nxf4 20. Qxf4 Bd7 21. Rb4 a5 22.
Rb2 Rfc8 $1 (22... Bxb5 23. Rxb5 Nc3 24. Rb2 b5) 23. Qe3 a4 24. h3 (24. Na3 $2
Rc3) 24... a3 $1 25. Nxa3 Rc3 26. Qf4 Rcxa3 27. Rxb7 Be6 $1 28. Rb8+ (28. Rxe7
Bxd4) 28... Rxb8 29. Qxb8+ Bf8 30. Rb1 Rc3 $1 31. Qa7 Rc8 32. Rd1 h5 33. Qb7 h4
34. Qa7 Nd6 35. Qa3 Bg7 36. Qa7 Bf6 37. Rd3 Kg7 38. Kh1 Rc1+ 39. Kh2 Rc4 40.
Kh1 Nb5 0-1

[Event "Tata Steel-A 77th"]
[Site "Wijk aan Zee"]
[Date "2015.01.21"]
[Round "10"]
[White "Jobava, Baadur"]
[Black "Caruana, Fabiano"]
[Result "0-1"]
[WhiteElo "2727"]
[BlackElo "2820"]
[Annotator "CB"]
[PlyCount "108"]
[EventDate "2015.01.10"]
[EventType "tourn"]
[EventRounds "13"]
[EventCountry "NED"]
[EventCategory "20"]
[SourceTitle "CBM 165"]
[Source "ChessBase"]
[SourceDate "2015.03.11"]
[SourceVersion "1"]
[SourceVersionDate "2015.03.11"]
[SourceQuality "1"]

1. d4 Nf6 2. Nc3 d5 3. Bf4 e6 4. e3 Bb4 5. Nge2 O-O 6. a3 Bd6 7. g3 b6 8. Bg2
Bb7 9. O-O c5 10. Re1 Be7 11. h3 Nc6 12. g4 Rc8 13. Qd2 a6 14. dxc5 bxc5 15.
Rad1 Qa5 16. Nc1 c4 17. N1e2 Rfd8 18. Nd4 Qb6 19. Qc1 Nd7 20. g5 Bf8 21. h4 g6
22. h5 Bg7 23. hxg6 hxg6 24. Nf3 Nc5 25. Nh2 e5 26. Bg3 Ne7 27. Ng4 e4 28. f4
Nf5 29. Bf2 Rb8 30. Rd2 Qe6 31. Bh3 Qc6 32. Bg2 Qe6 33. Red1 Nh4 34. Bh3 Nf3+
35. Kg2 Qd6 36. Rxd5 Bxd5 37. Rxd5 Qb6 38. Rxc5 Qxc5 39. Nxe4 Qc6 40. Nef6+
Bxf6 41. Nxf6+ Kg7 42. e4 Nd2 43. Bg4 c3 44. b4 Rd6 45. Qe1 Rbd8 46. Qh1 {
As strange of a position as it gets. Black is up two exchanges (!) but White
has two pawns and he is currently threatening checkmate on h6.} Rxf6 (46... Rh8
$1 47. Qe1 Qc4 48. Bc5 Rdd8 {keeps the material, and although White's position
retains compensation it is unclear if it is enough.}) 47. Qh6+ Kg8 48. gxf6
Qxf6 49. Bh4 Qd4 50. Bxd8 {White recovers all of his material.} Qxe4+ 51. Kg3
$4 {An absolute blunder... and White still had plenty of time to calculate!} (
51. Kf2 Qd4+ 52. Ke2 $1 (52. Kg2 Qxd8 53. Be6 Qa8+ 54. Kh2 Qe4 {is bad for
White.}) 52... Qxd8 53. Be6 $1 {is fine for White. If the bishop is taken then
a perpetual follows, if it isn't the bishop can retreat to d5 and put pressure
on f7.} (53. Qh3 {is worse for White, but still would make Black work for it.})
53... Qf6 54. Bd5 $11) 51... Qe1+ {Now White is simply getting mated.} 52. Kg2
Qf1+ 53. Kh2 (53. Kg3 Ne4+ 54. Kh2 Qf2+ 55. Kh3 Qg3#) 53... Qf2+ 54. Kh1 Nf1 {
There is no way to avoid Ng3+ except with Bh4, but that allows Qh2#. oops.} 0-1

[Event "Bangkok op 12th"]
[Site "Bangkok"]
[Date "2012.04.18"]
[Round "8"]
[White "Short, Nigel D"]
[Black "Amonatov, Farrukh"]
[Result "1-0"]
[WhiteElo "2697"]
[BlackElo "2604"]
[Annotator "CB"]
[PlyCount "155"]
[EventDate "2012.04.13"]
[EventType "swiss"]
[EventRounds "9"]
[EventCountry "THA"]
[SourceTitle "CBM 148 Extra"]
[Source "ChessBase"]
[SourceDate "2012.06.22"]
[SourceVersion "1"]
[SourceVersionDate "2012.06.22"]
[SourceQuality "1"]

1. d4 d5 2. Bf4 Nf6 3. e3 c5 4. Nc3 e6 5. Nb5 Na6 6. a4 Be7 7. c3 O-O 8. h3 Bd7
9. Nf3 Bxb5 10. Bxb5 Nb8 11. Bd3 Nc6 12. O-O Bd6 13. Bg5 h6 14. Bh4 Be7 15. Ne5
Nxe5 16. dxe5 Nd7 17. Bg3 g6 18. b3 Qc7 19. f4 c4 20. bxc4 dxc4 21. Bc2 Rfd8
22. Qe2 Qa5 23. Be1 Rac8 24. h4 Nc5 25. h5 g5 26. Qxc4 Nd3 27. Qe4 Qd5 28. Bxd3
Qxd3 29. Qxb7 Bc5 30. fxg5 Qxe3+ 31. Kh1 Rf8 32. gxh6 Qxe5 33. Rf3 Qxh5+ 34.
Rh3 Qd5 35. Qxd5 exd5 36. Rd1 Rfe8 37. Rh5 Kh7 38. Bd2 Be3 39. Bxe3 Rxe3 40.
Rdxd5 Rexc3 41. Rdg5 Rg8 42. Rxg8 Kxg8 43. Rg5+ Kh8 44. Rf5 Rc4 45. a5 Rh4+ 46.
Kg1 Rxh6 47. Rxf7 Ra6 48. Rf5 Kg7 49. Kf2 Kg6 50. g4 Rc6 51. Kg3 Rc3+ 52. Kh4
Rc1 53. Rg5+ Kf6 54. Rd5 Rh1+ 55. Kg3 Ra1 56. Rc5 Ra2 57. Rf5+ Kg6 58. Rb5 Kf6
59. Kf3 Ra3+ 60. Ke4 Ra4+ 61. Kf3 Ra3+ 62. Kf4 Ra4+ 63. Kg3 Ra1 64. g5+ Kg6 65.
Kf4 Ra4+ 66. Ke3 {After outplaying his opponent Nigel Short has allowed him to
escape with a theoretical draw - which, however, his GM opponent needs to play
error free.} Rg4 67. Rb7 Rxg5 68. Rxa7 Kf6 69. a6 Ra5 $2 (69... Rd5 $1 {
Dr Karsten Müller will tell us, is the move required to hold a draw.}) 70. Ra8
Ra4 71. Kd3 Kg7 72. Kc3 Rf4 73. Ra7+ Kg6 74. Rb7 Ra4 75. a7 Kf6 76. Kb3 Ra1 77.
Kc4 Ke6 78. Kc5 {The grandmaster from the Republic of Tajikistan has received
a lesson in rook endings from his British opponent.} 1-0